000 00506nam a22001932 4500
001 0000002914
005 20170406114612.0
008 140422s xx 000 0 eng d
020 _c$
040 _aYour Holding Symbol
_cYour Holding Symbol
100 1 _aKohn,Hans.
245 1 0 _aNationalism its meaning and history.
250 _a ed.
260 _aNew york :
_bprinceton,
_c1955.
300 _a191 p. ;
_c cm.
504 _aindex.
650 0 _anationalism.
908 _a140422
999 _c2797
_d2797